Value Creation in Acquisitions in Finland and Sweden 1983-1988 Evidence of Cash Flow Performance and Stock Price Changes After Acquisitions in Listed Finnish and Swedish Industrial Groups

Salvato in:
Dettagli Bibliografici
Autore principale: Juurmaa, Risto
Natura: Libro
Lingua:inglese
Pubblicazione: Helsinki School of Economics 1991
Edizione:1. ed.
Soggetti:
Tags: Aggiungi Tag
Nessun Tag, puoi essere il primo ad aggiungerne!!

MARC

LEADER 00000nam a2200000 4500
001 c003261
005 20221206115012.4
020 |a 951-702-091-0 
041 0 |a eng 
044 |a FI 
245 1 0 |a Value Creation in Acquisitions in Finland and Sweden 1983-1988  |b Evidence of Cash Flow Performance and Stock Price Changes After Acquisitions in Listed Finnish and Swedish Industrial Groups  |c Risto Juurmaa 
250 |a 1. ed. 
264 1 |a Helsinki  |b School of Economics  |c 1991 
300 |a 184 s. 
610 2 0 |a akvizícia 
610 2 0 |a spoločnosť industriálna 
610 2 0 |a cash flow 
610 2 0 |a ceny 
610 2 0 |a akcie 
610 2 0 |a Fínsko 
610 2 0 |a Švédsko 
610 2 0 |a 1983-1988 
610 2 0 |a hodnota 
100 1 |a Juurmaa, Risto